Normale Ansicht MARC-Ansicht ISBD

Heinz Barwich : (Titelsatznr. 73351)

[ MARC ]
MARC-Details
000 -Satzkennung
Kontrollfeld mit fester Länge 01943nam a22004213i 4500
001 - Kontrollnummer
Kontrollfeld EBC32004971
003 - Kontrollnummer Identifier
Kontrollfeld MiAaPQ
005 - Datum und Zeit der letzten Transaktion
Kontrollfeld 20251210142614.0
007 - Feld mit fester Länge zur physischen Beschreibung - Allgemeine Information
Kontrollfeld mit fester Länge cr cnu||||||||
008 - Feld mit fester Länge zur physischen Beschreibung - Allgemeine Angaben
Kontrollfeld mit fester Länge 251205s2024 xx o ||||0 ger d
020 ## - Internationale Standardbuchnummer
Internationale Standardbuchnummer 9783428592401
Nähere Angaben (electronic bk.)
020 ## - Internationale Standardbuchnummer
Gelöschte/ungültige ISBN 9783428192403
040 ## - Katalogisierungsquelle
Original-Katalogisierungsstelle MiAaPQ
Katalogisierungssprache eng
Übertragungsstelle MiAaPQ
100 1# - Haupteintragung - Personenname
Personenname Barkleit, Gerhard.
Koha-Normdatenidentnummer 67885
245 10 - Titel
Titel Heinz Barwich :
Zusatz zum Titel Ein Unruhiger Weltverbesserer und die Kraft des Atoms.
250 ## - Ausgabebezeichnung
Ausgabebezeichnung 1st ed.
264 #1 - Produktion, Veröffentlichung, Distribution, Herstellung und Urheberrechtsvermerk
Herstellungs-, Veröffentlichungs- Vertriebs-, Erzeugungsort Berlin :
Produzent, Herausgeber, Distributor, Hersteller Duncker & Humblot,
Datum der Herstellung, der Veröffentlichung, des Vertriebs oder des Urheberschutzvermerks 2024.
264 #4 - Produktion, Veröffentlichung, Distribution, Herstellung und Urheberrechtsvermerk
Datum der Herstellung, der Veröffentlichung, des Vertriebs oder des Urheberschutzvermerks ©2024.
300 ## - Physische Beschreibung
Umfang 1 online resource (247 pages)
336 ## - Inhaltstyp
Inhaltstypterm Text
Inhaltstypcode txt
Quelle rdacontent
337 ## - Medientyp
Bezeichnung des Medientyps Computermedien
Medientypcode c
Quelle rdamedia
338 ## - Datenträgertyp
Datenträgertypbezeichnung Online Resource
Datenträgertypcode cr
Quelle rdacarrier
500 ## - Allgemeine Fußnote
Allgemeine Fußnote E-Book-ProQuest / Fernzugriff nach Registrierung möglich
520 ## - Fußnote zu Zusammenfassungen usw.
Fußnote zur Zusammenfassung usw. Heinz Barwich, Gründungsdirektor des Zentralinstituts für Kernforschung Rossendorf der Akademie der Wissenschaften, gehörte zu den wenigen herausragenden Physikern der DDR, die nach ihrer zehnjährigen Internierung in der Sowjetunion erfolgreich innovative Technologien implementierten. Zwischen Physik und Politik oszillierend suchte der brillante Individualist vergeblich, die Geheimdienste von Ost und West für seine Ziele zu instrumentalisieren. 1964 kehrte er der DDR den Rücken und verstarb 1966 in Köln.
600 ## - Nebeneintragung unter einem Schlagwort - Personenname
Personenname Barwich, Heinz <1911-1966>
Koha-Normdatenidentnummer 67918
650 ## - Nebeneintragung unter einem Schlagwort - Sachschlagwort
Sachschlagwort oder geografischer Name als Eintragungselement Kerntechnik
Koha-Normdatenidentnummer 4288
650 ## - Nebeneintragung unter einem Schlagwort - Sachschlagwort
Sachschlagwort oder geografischer Name als Eintragungselement Kernenergiepolitik
Koha-Normdatenidentnummer 725
650 ## - Nebeneintragung unter einem Schlagwort - Sachschlagwort
Sachschlagwort oder geografischer Name als Eintragungselement Spionage
653 ## - Indexierungsterm - Nicht normiert
Nicht-normierter Term Cold War.
653 ## - Indexierungsterm - Nicht normiert
Nicht-normierter Term Nuclear energy.
655 ## - Indexierungsterm - Genre/Form
Genre/Form oder fokussierter Term Fernzugriff
Koha-Normdatenidentnummer 230
655 #4 - Indexierungsterm - Genre/Form
Genre/Form oder fokussierter Term
776 08 - Andere physische Form
Verweisungsphrase Print version:
Haupteintragung Barkleit, Gerhard
Titel Heinz Barwich
Ort, Verlag und Erscheinungsjahr Berlin : Duncker & Humblot,c2024
Internationale Standardbuchnummer 9783428192403
856 40 - Elektronische Adresse und Zugriff
URL <a href="https://ebookcentral.proquest.com/lib/maxweberstiftung-ebooks/detail.action?docID=32004971">https://ebookcentral.proquest.com/lib/maxweberstiftung-ebooks/detail.action?docID=32004971</a>
OPAC-Notiz Volltext
942 ## - Zusätzliche Felder (Koha)
Koha-Medientyp E-Books
Klassifikation oder Aufstellungssystematik Andere/Generische Klassifikation
Exemplare
Ausgeschieden Verloren Klassifikation oder Aufstellungssystematik Beschädigt Nicht entleihbar Heimatbibliothek Aufenthaltsbibliothek Aufstellungsort Erwerbungsdatum Inventarnummer Signatur Barcode Letzte Aktivität Preis gültig von Koha-Medientyp
    Andere/Generische Klassifikation     MWN Osteuropa MWN Osteuropa Online-Ressource 05/12/2025 25-e01351 E-25-e01351 76270 05/12/2025 05/12/2025 E-Books